| 000 | 00522nam a2200157 i 4500 | ||
|---|---|---|---|
| 001 | 93990 | ||
| 003 | ES-MaACL | ||
| 007 | t| | ||
| 008 | 050426s1935 sp ||||1| spa d | ||
| 100 | 1 |
_aLópez-Rey y Arrojo, Manuel. _973916 |
|
| 245 | 1 | 0 |
_aDerecho Penal. Tomo II. Parte especial. Obra ajustada al programa de las Oposiciones en el Cuerpo de aspirantes a la Judicatura / _cManuel López-Rey y Arrojo. |
| 250 | _a1ª ed. | ||
| 260 |
_aMadrid : _bReus, _c1935. |
||
| 300 |
_a400 p. ; _c23 cm. |
||
| 852 |
_aES-MaACL _jC-7789 |
||
| 999 |
_c93990 _d93990 |
||